000 00766nam a2200229 4500
003 OSt
005 20240729025233.0
006 a
008 240729b |||||||| |||| 00| 0 eng d
020 _a9780787996968
040 _aDWCL-Main lib.
_cOC
082 _2Fourth edition
_aCirc. 658.312404 R848m 2008
100 _aRothwell, William J.
245 _aMastering the instructional design process: a systematic approach /
250 _aFourth edition
260 _aSan Francisco, Calif. :
_bPfeiffer,
_cc2008.
300 _axlv,
_b482 p. : ill. ;
_c24 cm.
504 _aIncludes bibliographical references and index.
650 _a1. Employees-Training of.
650 _a2. Instructional system-Design.
942 _2ddc
_n0
_cBK-CIRC
_eFourth edition
_kCirc.
999 _c2890
_d2890